000 00575nam a22001937a 4500
005 20251108172448.0
008 250721s1997 xx 000 0 ara d
082 1 4 _a956.07عمر
100 1 _aعمران، محمود سعيد
245 1 0 _aمغول و أوروبا /
264 1 _aالإسكندرية :
_bدار المعرفة الجامعية،
_c1997.
300 _a327ص
650 1 7 _aالمغول
650 1 7 _aتاريخ أوروبا
650 1 7 _aالعصور الوسطى
650 1 7 _aالتاريخ الإسلامي
942 _2ddc
_cBK
999 _c79967
_d79967